Hawaii Five-0 - Statistics

General Stats
  • This quiz has been taken 251 times
  • The average score is 10 of 12
Answer Stats
Hint Answer % Correct
Main character Steve Mcgarrett
100%
Main character's partner Danny Williams
99%
Adam's wife Kono
97%
Medical Examiner Dr.Max Bergman
88%
Shrimp truck owner Kamekona
82%
Former Chicago SWAT officer Lou Grover
82%
The above's cousin (also five-0) Chin Ho Kelly
79%
Arch nemesis of main character Wo Fat
79%
Main character's girlfriend he was going to propose to Catherine Rollins
69%
Adam's Last name Noshimuri
68%
The above's brother in-law (bad guy) Gabriel Waincroft
65%
Police Captain Duke
63%
No matching quizzes found
Score Distribution
Percent of People with Each Score
Percentile by Number Answered
Your Score History
You have not taken this quiz